|
|
|
|
| LEADER |
00000nam2a2200000 4500 |
| 001 |
295459 |
| 005 |
20231102000818.0 |
| 035 |
|
|
|a (RuTPU)RU\TPU\book\320537
|
| 035 |
|
|
|a RU\TPU\book\304869
|
| 035 |
|
|
|a RU\TPU\book\241058
|
| 090 |
|
|
|a 295459
|
| 100 |
|
|
|a 20150522d1984 k y0rusy50 ca
|
| 101 |
0 |
|
|a rus
|
| 102 |
|
|
|a RU
|
| 105 |
|
|
|a a z 001zy
|
| 200 |
0 |
|
|a Т. 15 : Рациональное использование твердых бытовых отходов
|f С. В. Дуденков [и др.]
|
| 210 |
|
|
|d 1984
|
| 215 |
|
|
|a 190 с.
|c ил.
|
| 320 |
|
|
|a Литература: с. 176-188
|
| 461 |
|
1 |
|0 (RuTPU)RU\TPU\book\164056
|x 0202-7321
|t Охрана природы и воспроизводство природных ресурсов
|f Академия наук СССР (АН СССР), Всесоюзный институт научной и технической информации (ВИНИТИ)
|v Т. 15 : Рациональное использование твердых бытовых отходов
|d 1968-1991
|s Охрана природы и воспроизводство природных ресурсов
|
| 606 |
1 |
|
|a Природные ресурсы
|x Воспроизводство
|2 stltpush
|3 (RuTPU)RU\TPU\subj\38964
|9 59208
|
| 610 |
1 |
|
|a окружающая среда
|
| 610 |
1 |
|
|a природа
|
| 610 |
1 |
|
|a охрана
|
| 610 |
1 |
|
|a твердые бытовые отходы
|
| 610 |
1 |
|
|a рациональное использование
|
| 610 |
1 |
|
|a переработка
|
| 610 |
1 |
|
|a воспроизводство
|
| 610 |
1 |
|
|a охрана
|
| 675 |
|
|
|a 504.062
|v 4
|
| 701 |
|
1 |
|a Дуденков
|b С. В.
|
| 701 |
|
1 |
|a Зайцев
|b В. А.
|
| 701 |
|
1 |
|a Пекелис
|b Г. Л.
|
| 701 |
|
1 |
|a Шубов
|b Л. Я.
|
| 801 |
|
1 |
|a RU
|b 63413507
|c 20121113
|
| 801 |
|
2 |
|a RU
|b 63413507
|c 20171110
|g RCR
|
| 942 |
|
|
|c BK
|